| 000 | 00598nam a2200205Ia 4500 | ||
|---|---|---|---|
| 003 | GCL | ||
| 008 | 140319s9999 xx 000 0 eng d | ||
| 020 | _a9774246063 | ||
| 040 |
_aGCL / _cGCL |
||
| 082 | 0 | 4 |
_aCC _b232.92 _bG B |
| 100 | 1 | _aGAWDAT GABRA | |
| 245 | 1 | 0 |
_aBR THOU THERE : _bTHE HOLY FAMILY'S JOURNY IN EGYPT / _cGAWDAT GABRA |
| 260 |
_aالقاهرة : _bTHE AMERICAN UNIVERSITY IN CAIRO PRESS ، _c2002 |
||
| 300 |
_a32 CM ؛ _c164 P |
||
| 650 | 0 | 4 | _aCHRISTIANITY |
| 650 | 0 | 4 | _aCHRISTIANITY - HISTORY |
| 650 | 0 | 4 | _aHOLY FAMILY |
| 650 | 0 | 4 | _aJESUS CHRIST - FAMILY |
| 942 |
_2ddc _cBK |
||
| 999 |
_c5770 _d5770 |
||